| 000 | 01466cam a2200361 a 4500 | ||
|---|---|---|---|
| 001 | 15462493 | ||
| 003 | Nust- CAS-E | ||
| 005 | 20180118181401.0 | ||
| 008 | 080923s2009 fluab b 001 0 eng | ||
| 010 | _a 2008042182 | ||
| 020 | _a9781420087918 | ||
| 020 | _a1420087916 | ||
| 035 | _a(OCoLC)ocn258332555 | ||
| 040 |
_aDLC _cDLC _dYDXCP _dYDX _dC#P _dOCLCA _dCDX _dBWX _dDLC |
||
| 050 | 0 | 0 |
_aTK1041 _b.Y36 2009 |
| 082 | 0 | 0 |
_a621.31/2132 _222 _bYAN 2009 |
| 100 | 1 |
_aI︠A︡ntovskiĭ, E. I. _q(Evgeniĭ Isaakovich) |
|
| 245 | 1 | 0 |
_aZero emissions power cycles / _cE. Yantovsky, J. Górski, M. Shokotov. |
| 260 |
_aBoca Raton : _bCRC Press, _cc2009. |
||
| 300 |
_a286 p. : _bill., map ; _c25 cm. |
||
| 504 | _aIncludes bibliographical references and index. | ||
| 650 | 0 |
_aFossil fuel power plants _xEquipment and supplies. |
|
| 650 | 0 |
_aFossil fuel power plants _xEnergy conservation. |
|
| 650 | 0 | _aPollution control equipment. | |
| 650 | 0 | _aInternal combustion engines. | |
| 650 | 0 |
_aElectric power production _xEnvironmental aspects. |
|
| 700 | 1 |
_aGórski, J. _q(Jan), _d1945- |
|
| 700 | 1 |
_aShokotov, N. K. _q(Nikolaĭ Konstantinovich) |
|
| 856 | 4 | 1 |
_3Table of contents only _uhttp://www.loc.gov/catdir/toc/fy0905/2008042182.html |
| 906 |
_a7 _bcbc _corignew _d1 _eecip _f20 _gy-gencatlg |
||
| 942 |
_2ddc _cBK |
||
| 999 |
_c355440 _d355440 |
||